Responses for Show #6159 - Thursday, May 26, 2011

Contestants

[<< previous game]

Carl Aveni, a civil litigation attorney from Columbus, Ohio

Chloe Horning, a graduate student in library and information science from Seattle, Washington

Tom Brown, a program analyst originally from Harleysville, Pennsylvania (whose 2-day cash winnings total $40,402)

[next game >>]

Jeopardy! Round responses

AUTHORS
MUSICAL BY CHARACTERS
FASHION FROM HEAD TO TOE
U.N. OBSERVANCES
THE WESTERN HEMISPHERE
3-LETTER THE BETTER
    $200 1
Stephen King

Chloe
    $200 6
Les Misérables

Chloe
    $200 23
a fedora

Tom
    $200 10
Slavery

Tom
    $200 15
the Yucatan

Tom
    $200 20
(Chloe: [No response])

aim

ChloeCarl
    $400 2
tuberculosis

Carl
    $400 7
(Chloe: What is Don Quixote?)

The Man of La Mancha

ChloeCarl
    $400 24
a poodle skirt

Carl
    $400 11
Water

Carl
    $400 16
Tobago

Carl
    $400 21
the can

Chloe
    $600 3
Sir Walter Scott

Chloe
    $600 8
(Carl: What is The Pirates of Penzance?)
(Chloe: What is The H.M.S. Pinafore?)

South Pacific

ChloeCarl
Triple Stumper
    $600 25
(Chloe: What is All Star?)
(Alex: No.)
(Chloe: Or [*]?)
...
(Alex: Yes, and the reason we're ruling against you, Chloe, is that I said "No" after you gave me an incorrect response.)

Converse

TomChloe
    $600 12
the Ozone Layer

Carl
    $1,500 17
Havana

Carl
    $600 28
wet

Chloe
    $800 4
Honoré de Balzac

Triple Stumper
    $800 9
Oklahoma!

Triple Stumper
    $800 26
culottes

Chloe
    $800 13
statistics

Carl
    $800 18
Angel Falls

Carl
    $800 29
to tax

Tom
    $1000 5
Ernest J. Gaines

Triple Stumper
    $1000 22
The Sound of Music

Chloe
    $1000 27
(Carl: What is hemp?)
...
(Alex: We're going for the name of the shoe, not the name of the grass.)

espadrilles

ChloeCarl
    $1000 14
Holocaust

Carl
    $1000 19
Mojave

Triple Stumper
    $1000 30
rye

Chloe

Scores at the first commercial break (after clue 15):

Tom Chloe Carl
$400 $0 $3,000

Scores at the end of the Jeopardy! Round:

Tom Chloe Carl
$2,000 $4,000 $5,300

Double Jeopardy! Round responses

"G"ARDEN GLOSSARY
TURN OF THE CENTURY MOVIES
I SERVED IN HIS CABINET
ARE YOU PERHAPS FRENCH?
BIBLE BOOK BINDINGS
GREEK LETTERS
    $400 6
to graft

Tom
    $400 14
Billy Elliot

Tom
    $400 1
Barack Obama

Tom
    $400 9
Cousteau

Carl
    $400 16
Jude

Triple Stumper
    $400 26
alpha

Chloe
    $800 7
guano

Tom
    $800 15
(Carl: What is Sleepy Ho--The Legend of Sleepy Hollow?)

Sleepy Hollow

ChloeCarl
    $800 2
Ronald Reagan

Tom
    $800 10
sculpture

Chloe
    $800 17
Mark

Tom
    $800 27
pi

Tom
    $1200 8
a gene bank

Chloe
    $1200 21
Training Day

Chloe
    $1200 3
Jimmy Carter

Tom
    $1200 11
Las Vegas

Tom
    $2,400 18
(Tom: What is...[beep] tennis?)

Numbers

Tom
    $1200 28
iota

Tom
    $1600 24
the germ

Carl
    $1600 22
The Insider

Tom
    $1600 4
Nixon

Triple Stumper
    $1600 12
François Mitterrand

Tom
    $1600 19
Isiah

Carl
    $1600 29
rho

Carl
    $2000 25
geotropism

Triple Stumper
    $2000 23
Crouching Tiger, Hidden Dragon

Carl
    $2000 5
Harry Truman

Carl
    $2,000 13
(Louis) Pasteur

Tom
    $2000 20
Chronicles

Chloe
    $2000 30
xi

Triple Stumper

Scores at the end of the Double Jeopardy! Round:

Tom Chloe Carl
$12,800 $10,400 $13,700

[wagering suggestions for these scores]

Final Jeopardy! Round responses

19th CENTURY MUSIC
ChloeWho is Brahms?
$3,600
TomWho is Wagner?
$8,001
CarlWho was Wagner?
$11,901
Johannes Brahms

Final scores:

Tom Chloe Carl
$4,799 $14,000 $1,799
2nd place: $2,000 New champion: $14,000 3rd place: $1,000

Game dynamics:

Coryat scores:

Tom Chloe Carl
$15,200 $10,400 $12,800
18 R
(including 1 DD),
1 W
(including 1 DD)
15 R,
4 W
17 R
(including 1 DD),
3 W

Combined Coryat: $38,400

[game clues] [game scores] [suggest correction]

Game tape date: 2011-02-08
The J! Archive is created by fans, for fans. Scraping, republication, monetization, and malicious use prohibited; this site may use cookies and collect identifying information. See terms. The Jeopardy! game show and all elements thereof, including but not limited to copyright and trademark thereto, are the property of Jeopardy Productions, Inc. and are protected under law. This website is not affiliated with, sponsored by, or operated by Jeopardy Productions, Inc. Join the discussion at JBoard.tv.